Nové obrazy architektúry tri pohľady s trochou nadsázky

Bibliographic Details
Main Author: Mašek, Martin (Author)
Format: Article
Language:Slovak
PhysicalDescription:Fotogr.
ISSN:1335-4426
Subjects:

MARC

LEADER 00000nab a2200000 ar4500
001 vtls008934686
003 SK-MaSNL
005 20260303070613.0
008 070111c2006 xo wr|p|||||||000 b|slo
015 |a SNBRB2007/01  |2 snkbucl 
040 |a SNKBUCL  |b slo  |c SNKBUCL  |e AACR2 
041 0 |a slo 
044 |a xo  |c SK 
080 |a 72  |2 2001 
100 1 |a Mašek, Martin  |4 aut  |9 265256 
245 1 0 |a Nové obrazy architektúry  |b tri pohľady s trochou nadsázky  |c Martin Mašek 
300 |b Fotogr. 
650 0 7 |a architektúra  |2 snkbucl  |9 722 
650 0 7 |a skutočnosť  |2 snkbucl  |9 29798 
655 7 |a úvahy  |2 snkbucl  |9 29403 
773 0 |t Domino fórum  |g Roč. XV, č. 50 (2006), s. 20  |x 1335-4426 
852 |a SNK  |b KIS3GCP 
999 |c 1756088  |d 1758018